000 00526nam a2200181Ia 4500
005 20250508154951.0
008 008 250505s9999 xx 000 0 eng d
037 _aTextual
040 _aFEDL
_beng
_cFEDL
041 _aeng
_2eng
084 _a370.193, STA
_qFEDL
100 _aStanley William O.
_9139775
245 0 _aSocial foundations of education
260 _aNew York, USA
_bHolt, Rinehart and Winston
_c1956
300 _axviii,638p.
942 _cTEXL
_h370.193, STA
999 _c1353175
_d1353175